London Boy lyrics - Statistics

General Stats
  • This quiz has been taken 525 times
  • The average score is 316 of 415
Answer Stats
Lyrics % Correct
a
98%
I
98%
I,
98%
you
96%
You
96%
you,
96%
London
95%
love
95%
my
95%
boy
93%
Boy,
93%
in,
93%
in
93%
go
91%
He
91%
know,
91%
know
91%
the
91%
Like
89%
like
89%
afternoon
88%
We
87%
we
87%
American
86%
home
86%
me
86%
me,
86%
smile
85%
where
85%
is
84%
is,
84%
But
83%
but
83%
fancy
83%
heart
83%
likes
83%
enjoy
82%
So
82%
on
81%
to
81%
when
81%
And
80%
and
80%
can
79%
darling,
79%
be
78%
say
78%
child
77%
They
77%
mine
76%
not
76%
scooter
76%
walking
76%
are
75%
with
75%
English
73%
eyes
73%
meet,
73%
Tennessee
73%
that's
73%
then
73%
all
72%
God,
72%
our
72%
whiskey
72%
accent
71%
heard
71%
high
71%
just
71%
Just
71%
his
70%
hometown
70%
saw
70%
true
69%
as
68%
rumors
68%
best
67%
blue
66%
dimples
66%
mates
66%
Uh,
66%
happened,
65%
jeans,
65%
something
65%
drivin'
64%
first
64%
laughing
64%
lives
64%
much
64%
faded
63%
friends
63%
him
63%
of
63%
guess
62%
back
61%
rugby
60%
rumors
60%
Camden
58%
wanna
58%
Wanna
58%
watching
58%
don't
57%
End
57%
good
57%
met
57%
pub,
57%
SoCal
57%
tea,
57%
time
57%
West
57%
school
56%
Motown,
55%
Took
54%
your
54%
oh
53%
Springsteen,
53%
find
51%
uni,
51%
Highgate,
50%
ride
50%
threaten
50%
Babe,
49%
from
49%
Show
49%
show
49%
I'm
48%
Brixton,
46%
Stella
46%
Market
45%
sky,
45%
nights
44%
stories
44%
Street
44%
cab
43%
now
43%
riding
43%
gray
42%
V
41%
drinking
40%
have
40%
McCartney
40%
rainy
40%
SoHo,
40%
up
40%
queen
39%
queen,
39%
doesn't
36%
Louis
33%
Stick
33%
please
30%
Shoreditch
30%
Bond
28%
Hackney
24%
Heath
21%
Alright
9%
No matching quizzes found
Score Distribution
Percent of People with Each Score
Percentile by Number Answered
Your Score History
You have not taken this quiz